000 00635nam a2200217Ia 4500
001 2201
005 20240113233532.0
007 ta
008 050221s1903 a g b000 u eng u
040 _aRef.Stack
041 _aeng
082 _a336.2406
_bAs 72 In
110 _aAssam Secretariat .
245 0 _aIncome tax returns of the Province of Assam for the year 1902 - 1903 /
_cAssam Secretariat.
_hReports
260 _aShillong :
_bAssam Secretariat ,
_c1903.
300 _a13p. :
_bill ;
_c32cm. .
653 _aReport: Income tax returns of the Province of Assam
942 _2ddc
_cBK
999 _c2194
_d2194